[Event "DEM U16 2011"]
[Site "Oberhof GER"]
[Date "2011.06.13"]
[Round "3"]
[White "Stahnecker, Ludwig"]
[Black "Powierski, Emil"]
[Result "1/2-1/2"]
[Termination "normal"]
[Board "12"]
[WhiteElo "2087"]
[BlackElo "2000"]
[PlyCount "78"]
[WhiteFideId "24692026"]
[BlackFideId "4656199"]
[EventCountry "GER"]
[EventRounds "9"]
[EventType "swiss"]
[EventDate "2011.06.11"]

1. e4 c6 2. d4 d5 3. e5 c5 4. Nf3 Nc6 5. c3 Bg4 6. Be2 e6 7. O-O Nge7 8. Nbd2
cxd4 9. Nxd4 Bxe2 10. Qxe2 Nxd4 11. cxd4 Nc6 12. Nb3 Qb6 13. Be3 Be7 14. Qg4 g6
15. Bh6 O-O-O 16. Qf4 Bf8 17. Bg5 Rd7 18. Bf6 Rg8 19. Rac1 h5 20. Rc2 Kb8 21.
Rfc1 Bb4 22. Bg5 Rc8 23. Qf3 Rdc7 24. Qd3 a6 25. a3 Bf8 26. Bd2 Na7 27. Ba5
Rxc2 28. Rxc2 Qb5 29. Rxc8+ Kxc8 30. Qxb5 Nxb5 31. Bb6 Nc7 32. Bxc7 Kxc7 33.
Kf1 Kc6 34. Ke2 Kb5 35. Kd3 b6 36. Kc3 Bh6 37. Na1 Bf4 38. g3 Bg5 39. Nc2 Be7
1/2-1/2

[Event "DEM U16 2011"]
[Site "Oberhof GER"]
[Date "2011.06.13"]
[Round "3"]
[White "Perestjuk, Marko"]
[Black "Holle, Cedric"]
[Result "0-1"]
[Termination "normal"]
[Board "13"]
[WhiteElo "1957"]
[BlackElo "1832"]
[PlyCount "90"]
[WhiteFideId "1270254"]
[BlackFideId "24692158"]
[EventCountry "GER"]
[EventRounds "9"]
[EventType "swiss"]
[EventDate "2011.06.11"]

1. e4 e6 2. d4 d5 3. Nd2 Nf6 4. e5 Nfd7 5. Bd3 c5 6. c3 Nc6 7. Ne2 Be7 8. O-O
O-O 9. Nf3 Qb6 10. Re1 cxd4 11. cxd4 f6 12. exf6 Bxf6 13. Nf4 Nxd4 14. Nxd4
Bxd4 15. Rxe6 Bxf2+ 16. Kh1 Qd4 17. Qh5 Nf6 18. Rxf6 Rxf6 19. Nxd5 g6 20. Nxf6+
Qxf6 21. Qe2 Bd7 22. Bc4+ Kh8 23. Bd2 Qxb2 24. Rd1 Rf8 25. Bc1 Qxe2 26. Bxe2
Be6 27. Rd6 Re8 28. Bb2+ Kg8 29. Rxe6 Rxe6 30. Bc4 Kf7 31. g4 b5 32. Bd5 Bc5
33. Kg2 Ke7 34. Bxe6 Kxe6 35. Kf3 Kd5 36. Ke2 Kc4 37. Kd2 Bd4 38. Bc1 Be5 39.
Kc2 Bxh2 40. Bg5 a5 41. Bh4 h5 42. gxh5 gxh5 43. Be1 b4 44. Bh4 a4 45. Bf6 Bg3
0-1

[Event "DEM U16 2011"]
[Site "Oberhof GER"]
[Date "2011.06.13"]
[Round "3"]
[White "Stanau, Guido"]
[Black "Muth, Matthias"]
[Result "1-0"]
[Termination "normal"]
[Board "14"]
[WhiteElo "1994"]
[BlackElo "1908"]
[PlyCount "79"]
[WhiteFideId "24692255"]
[BlackFideId "1271747"]
[EventCountry "GER"]
[EventRounds "9"]
[EventType "swiss"]
[EventDate "2011.06.11"]

1. e4 c5 2. Nf3 Nc6 3. d4 cxd4 4. Nxd4 Nf6 5. Nc3 e5 6. Ndb5 d6 7. Bg5 a6 8.
Na3 b5 9. Nd5 Be7 10. Bxf6 Bxf6 11. c3 Bg5 12. Nc2 O-O 13. a4 bxa4 14. Rxa4 a5
15. Bc4 Rb8 16. b3 Kh8 17. Nce3 g6 18. h4 Bxh4 19. Ra2 Bg5 20. g3 Kg7 21. f4
exf4 22. gxf4 Bh4+ 23. Kd2 f5 24. Kc1 h5 25. Rg2 Rh8 26. exf5 Rh6 27. Qg1 Ne7
28. Rxh4 Nxf5 29. Nxf5+ Bxf5 30. Rg5 Kf8 31. Qd4 a4 32. b4 Rc8 33. Rh2 Be6 34.
Re2 Bf7 35. Re7 Rxc4 36. Qf6 Rxc3+ 37. Qxc3 Kg8 38. Rc7 Qf8 39. Rc8 Be8 40.
Rxe8 1-0

[Event "DEM U16 2011"]
[Site "Oberhof GER"]
[Date "2011.06.14"]
[Round "4"]
[White "Friedrich, Wiede"]
[Black "Mons, Leon"]
[Result "0-1"]
[Termination "normal"]
[Board "1"]
[WhiteElo "2193"]
[BlackElo "2258"]
[PlyCount "64"]
[WhiteFideId "24629537"]
[BlackFideId "4614950"]
[EventCountry "GER"]
[EventRounds "9"]
[EventType "swiss"]
[EventDate "2011.06.11"]

1. e4 e5 2. Nf3 Nc6 3. Bc4 Nf6 4. Ng5 d5 5. exd5 Na5 6. Bb5+ c6 7. dxc6 bxc6 8.
Qf3 Be7 9. Bd3 O-O 10. O-O g6 11. b4 Bxb4 12. Bb2 Bd6 13. Nc3 Rb8 14. Rab1 Nd5
15. Nxh7 Rxb2 16. Rxb2 Kxh7 17. Nxd5 cxd5 18. Qxd5 Be6 19. Qe4 Bc7 20. Qe3 Qd6
21. Qe4 Bd5 22. Qh4+ Kg7 23. Qb4 Qe6 24. c4 Bxg2 25. Kxg2 Qg4+ 26. Kh1 Qf3+ 27.
Kg1 e4 28. Qc3+ f6 29. Re1 Bxh2+ 30. Kf1 exd3 31. Re7+ Kg8 32. Qxa5 Qh1# 0-1

[Event "DEM U16 2011"]
[Site "Oberhof GER"]
[Date "2011.06.14"]
[Round "4"]
[White "Möhn, Hans"]
[Black "Tran, Duc Cuong"]
[Result "1-0"]
[Termination "normal"]
[Board "2"]
[WhiteElo "2033"]
[BlackElo "1986"]
[PlyCount "65"]
[WhiteFideId "24647837"]
[BlackFideId "24689718"]
[EventCountry "GER"]
[EventRounds "9"]
[EventType "swiss"]
[EventDate "2011.06.11"]

1. d4 Nf6 2. c4 g6 3. Nc3 Bg7 4. e4 d6 5. f4 O-O 6. Nf3 c5 7. d5 e6 8. Be2 exd5
9. cxd5 Re8 10. e5 Nfd7 11. e6 Nf6 12. exf7+ Kxf7 13. O-O Kg8 14. Ng5 Na6 15.
h3 Nc7 16. a4 a6 17. g4 Bd7 18. f5 gxf5 19. gxf5 Qe7 20. Ne6 Bxe6 21. fxe6 Kh8
22. Kh1 Rg8 23. Bg5 h6 24. Bh4 Ncxd5 25. Nxd5 Qxe6 26. Nf4 Qe4+ 27. Ng2 Qe6 28.
Ra3 d5 29. Bxf6 Bxf6 30. Bg4 Qc6 31. Raf3 Bxb2 32. Qd2 Be5 33. Rf6 1-0

[Event "DEM U16 2011"]
[Site "Oberhof GER"]
[Date "2011.06.14"]
[Round "4"]
[White "Wagner, Dennis"]
[Black "Hacker, Jonas"]
[Result "1-0"]
[Termination "normal"]
[Board "4"]
[WhiteElo "2240"]
[BlackElo "1765"]
[PlyCount "85"]
[WhiteFideId "24650684"]
[BlackFideId "1270968"]
[EventCountry "GER"]
[EventRounds "9"]
[EventType "swiss"]
[EventDate "2011.06.11"]

1. d4 d5 2. c4 c6 3. Nf3 Nf6 4. Nc3 dxc4 5. a4 Bf5 6. Ne5 e6 7. f3 Bb4 8. e4
Bxe4 9. fxe4 Nxe4 10. Bd2 Qxd4 11. Nxe4 Qxe4+ 12. Qe2 Bxd2+ 13. Kxd2 Qd4+ 14.
Kc2 Na6 15. Rd1 Nb4+ 16. Kb1 Qc5 17. Qxc4 Qxc4 18. Bxc4 Nd5 19. Rhe1 Rc8 20. a5
O-O 21. Bxd5 exd5 22. Nd7 Rfe8 23. Nc5 b6 24. axb6 axb6 25. Nd7 b5 26. b4 f6
27. Kb2 Kf7 28. Nc5 Re5 29. Nd3 Ree8 30. Ra1 Rxe1 31. Rxe1 Re8 32. Rxe8 Kxe8
33. Kc3 Kd7 34. Kd4 Kd6 35. Nf4 g5 36. Nd3 h5 37. g3 f5 38. Ne5 f4 39. Nf7+ Ke7
40. Nxg5 fxg3 41. hxg3 Kf6 42. Nh3 Kf5 43. Nf2 1-0

[Event "DEM U16 2011"]
[Site "Oberhof GER"]
[Date "2011.06.14"]
[Round "4"]
[White "Kaphle, Sebastian"]
[Black "Neumair, Jerome"]
[Result "1/2-1/2"]
[Termination "normal"]
[Board "5"]
[WhiteElo "2171"]
[BlackElo "2115"]
[PlyCount "240"]
[WhiteFideId "24626708"]
[BlackFideId "24672637"]
[EventCountry "GER"]
[EventRounds "9"]
[EventType "swiss"]
[EventDate "2011.06.11"]

1. e4 e6 2. d4 d5 3. e5 c5 4. c3 Nc6 5. Nf3 Bd7 6. a3 c4 7. Nbd2 Na5 8. h4 Bc6
9. g3 Qd7 10. Bh3 Ba4 11. Qe2 Bc2 12. Qe3 O-O-O 13. O-O h6 14. Ne1 Bh7 15. f4
Ne7 16. h5 g6 17. hxg6 Bxg6 18. Ng2 Bd3 19. Re1 Nf5 20. Qf3 h5 21. b4 Nc6 22.
Bxf5 Bxf5 23. Ne3 Bd3 24. Qf2 Be7 25. Nf3 Rdg8 26. Kh2 Bd8 27. Bd2 Ne7 28. Nh4
Ng6 29. Nxg6 fxg6 30. Ng2 Qf7 31. Be3 Qf5 32. Nh4 Qg4 33. Qg2 Bxh4 34. gxh4
Qxh4+ 35. Qh3 Qe7 36. Ra2 Bf5 37. Qg3 h4 38. Qg5 Qf7 39. Qf6 Qxf6 40. exf6 Rf8
41. Rg1 Rxf6 42. a4 Rf7 43. Rg5 Rh5 44. Rg1 Kd7 45. Rf2 a5 46. b5 Ke7 47. Bc1
Bd3 48. Be3 Be4 49. Kh3 Bf5+ 50. Kh2 h3 51. Rg3 Rfh7 52. Bc1 Kf6 53. Ba3 g5 54.
fxg5+ Rxg5 55. Rxg5 Kxg5 56. Bd6 Rd7 57. Be5 Kg6 58. Kg3 Kf7 59. Kf4 Ke8 60.
Rh2 Rf7 61. Kg5 Kd7 62. Bf6 Rf8 63. Bg7 Rf7 64. Bf6 Ke8 65. Rh1 Rh7 66. Rh2 Bc2
67. Be5 Bxa4 68. Kg6 Re7 69. Rxh3 Kd7 70. Bf6 Bc2+ 71. Kg5 Rf7 72. Rh2 Be4 73.
Rh8 a4 74. Rh2 Rh7 75. Ra2 Rh1 76. Be5 Rb1 77. Bf4 Rxb5 78. Rxa4 Rb3 79. Bd2
Rb2 80. Be1 Kc6 81. Kf4 Bc2 82. Ra8 b5 83. Ra6+ Kd7 84. Ra7+ Kc6 85. Ra6+ Kb7
86. Rxe6 Be4 87. Ke3 b4 88. cxb4 Rb3+ 89. Ke2 c3 90. Re7+ Kb6 91. Re8 Rb2+ 92.
Ke3 c2 93. Rc8 Rb1 94. Bd2 Kb5 95. Rc5+ Ka4 96. b5 Rb3+ 97. Ke2 Bd3+ 98. Kf2
Bc4 99. b6 Rxb6 100. Ra5+ Kb3 101. Bc1 Rf6+ 102. Ke3 Re6+ 103. Kf2 Kc3 104.
Ra3+ Kxd4 105. Bb2+ Kc5 106. Rc3 Re2+ 107. Kf3 Rh2 108. Kg3 Rd2 109. Bc1 Re2
110. Kf3 Rh2 111. Kg3 Re2 112. Kf3 Re8 113. Rxc2 Kb4 114. Bb2 Kb3 115. Rd2 Re7
116. Kf4 Ra7 117. Bf6 Rf7 118. Kg5 Kb4 119. Rd4 Kc5 120. Be5 Rb7 1/2-1/2

[Event "DEM U16 2011"]
[Site "Oberhof GER"]
[Date "2011.06.14"]
[Round "4"]
[White "Müller, Alexander"]
[Black "Kaulich, Philipp Theodor"]
[Result "1/2-1/2"]
[Termination "normal"]
[Board "6"]
[WhiteElo "1908"]
[BlackElo "1999"]
[PlyCount "86"]
[WhiteFideId "4624696"]
[BlackFideId "4641582"]
[EventCountry "GER"]
[EventRounds "9"]
[EventType "swiss"]
[EventDate "2011.06.11"]

1. e4 c5 2. Nf3 d6 3. d4 cxd4 4. Nxd4 Nf6 5. Nc3 g6 6. Be3 Bg7 7. Bc4 Nc6 8. f3
O-O 9. Qd2 Bd7 10. O-O-O Qb8 11. g4 b5 12. Nxc6 Bxc6 13. Nd5 Nxd5 14. Bxd5 Rc8
15. h4 Bxd5 16. Qxd5 Qc7 17. Qd3 Qa5 18. Kb1 Rc4 19. Qd2 b4 20. Qd5 Qxd5 21.
Rxd5 Rac8 22. Rh2 a6 23. Rhd2 Be5 24. Ra5 f5 25. exf5 gxf5 26. Rg2 fxg4 27. f4
Bf6 28. Rxg4+ Kf7 29. Rg2 Re4 30. Bd2 Bxh4 31. Rh5 Bf6 32. Rxh7+ Ke6 33. Rh3
Rcc4 34. a3 bxa3 35. Rxa3 Rc6 36. Ra5 Rb6 37. c3 Rc4 38. Kc2 Rc8 39. Re2+ Kd7
40. Bc1 Rbc6 41. Bd2 Rb6 42. Re4 Rcb8 43. Bc1 Kc7 1/2-1/2

[Event "DEM U16 2011"]
[Site "Oberhof GER"]
[Date "2011.06.14"]
[Round "4"]
[White "Göbel, Constantin"]
[Black "Schreiner, Till"]
[Result "1-0"]
[Termination "normal"]
[Board "7"]
[WhiteElo "2148"]
[BlackElo "2159"]
[PlyCount "81"]
[WhiteFideId "24647071"]
[BlackFideId "24675555"]
[EventCountry "GER"]
[EventRounds "9"]
[EventType "swiss"]
[EventDate "2011.06.11"]

1. e4 c5 2. Nf3 d6 3. d4 cxd4 4. Nxd4 Nf6 5. Nc3 a6 6. Bg5 e6 7. f4 Nbd7 8. Bc4
Qb6 9. Bb3 Be7 10. f5 Nc5 11. Qf3 Nxb3 12. Nxb3 O-O 13. O-O-O Qc7 14. Rhf1 Bd7
15. g4 b5 16. h4 Rac8 17. Rd2 a5 18. Be3 b4 19. Nd1 d5 20. exd5 Nxd5 21. g5 a4
22. Nd4 b3 23. axb3 a3 24. Kb1 axb2 25. c4 Qa5 26. Rxb2 Nb4 27. Bd2 Ra8 28.
Bxb4 Bxb4 29. Nc2 exf5 30. Qb7 Ba3 31. Nxa3 Qxa3 32. Qxd7 Rfd8 33. Qxf5 g6 34.
Qxf7+ Kh8 35. Qf6+ Kg8 36. Ne3 Rd3 37. Nd5 Ra7 38. Qe6+ Kh8 39. Qe8+ Kg7 40.
Qe5+ Kg8 41. Nf6+ 1-0

[Event "DEM U16 2011"]
[Site "Oberhof GER"]
[Date "2011.06.14"]
[Round "4"]
[White "Neef, Maximilian"]
[Black "Miller, Eduard"]
[Result "1/2-1/2"]
[Termination "normal"]
[Board "8"]
[WhiteElo "1999"]
[BlackElo "2118"]
[PlyCount "79"]
[WhiteFideId "24692085"]
[BlackFideId "24687022"]
[EventCountry "GER"]
[EventRounds "9"]
[EventType "swiss"]
[EventDate "2011.06.11"]

1. Nf3 d5 2. d4 Nf6 3. c4 c6 4. e3 Bg4 5. Nc3 e6 6. h3 Bxf3 7. Qxf3 Nbd7 8. Bd3
Bd6 9. O-O O-O 10. Rd1 Qe7 11. e4 dxc4 12. Bxc4 e5 13. d5 Rfd8 14. dxc6 bxc6
15. Bg5 h6 16. Be3 Nb6 17. Bb3 Bc5 18. Bxc5 Qxc5 19. Rac1 Qb4 20. Qf5 Rxd1+ 21.
Rxd1 Re8 22. Qf3 a5 23. Qd3 a4 24. Bc2 Nfd7 25. a3 Qxb2 26. Nxa4 Qb5 27. Nxb6
Nxb6 28. Rb1 Qc5 29. Bb3 Ra8 30. Qf3 Ra7 31. Rd1 Qe7 32. Rd3 g6 33. Qe3 c5 34.
Rc3 Kg7 35. Qxc5 Qxc5 36. Rxc5 Rxa3 37. Rb5 Nc8 38. Bd5 Ra7 39. Rb8 Ne7 40. Rb5
1/2-1/2

[Event "DEM U16 2011"]
[Site "Oberhof GER"]
[Date "2011.06.14"]
[Round "4"]
[White "Holle, Cedric"]
[Black "Gibicar, Danijel"]
[Result "0-1"]
[Termination "normal"]
[Board "9"]
[WhiteElo "1832"]
[BlackElo "2037"]
[PlyCount "70"]
[WhiteFideId "24692158"]
[BlackFideId "24660256"]
[EventCountry "GER"]
[EventRounds "9"]
[EventType "swiss"]
[EventDate "2011.06.11"]

1. e4 e6 2. d4 d5 3. Nc3 Bb4 4. e5 c5 5. a3 Ba5 6. Qg4 Ne7 7. Nf3 Nbc6 8. Bd3
cxd4 9. Nxd4 Nxe5 10. Bb5+ Bd7 11. Qxg7 N5g6 12. O-O Bxb5 13. Ncxb5 a6 14. Nc3
e5 15. Bg5 Bxc3 16. bxc3 exd4 17. Bxe7 Kxe7 18. Rfe1+ Kd6 19. Qxd4 Qa5 20. Qf6+
Kc7 21. Qxf7+ Kb8 22. Rab1 Qc7 23. Qxd5 Rc8 24. Re3 Qc6 25. Qf7 Rc7 26. Qf5
Qxg2+ 27. Kxg2 Nh4+ 28. Kh3 Nxf5 29. Rf3 Nd6 30. Kg4 Ka7 31. Kh5 Rg8 32. Rd1
Ne4 33. c4 Rg5+ 34. Kh6 Rg6+ 35. Kh5 Nf6+ 0-1

[Event "DEM U16 2011"]
[Site "Oberhof GER"]
[Date "2011.06.14"]
[Round "4"]
[White "Kügel, Tobias"]
[Black "Stahnecker, Ludwig"]
[Result "1/2-1/2"]
[Termination "normal"]
[Board "10"]
[WhiteElo "2024"]
[BlackElo "2087"]
[PlyCount "83"]
[WhiteFideId "4636295"]
[BlackFideId "24692026"]
[EventCountry "GER"]
[EventRounds "9"]
[EventType "swiss"]
[EventDate "2011.06.11"]

1. e4 c5 2. c4 Nc6 3. Ne2 Nf6 4. Nbc3 e6 5. d4 cxd4 6. Nxd4 Bb4 7. Nxc6 bxc6 8.
Bd3 e5 9. O-O Qc7 10. Be3 d6 11. Qa4 Bxc3 12. bxc3 O-O 13. h3 Be6 14. f4 exf4
15. Bxf4 Nd7 16. Qc2 Ne5 17. Rfd1 Qa5 18. Rab1 Rfd8 19. Rb4 h6 20. Ra4 Qc5+ 21.
Qf2 Qxf2+ 22. Kxf2 a5 23. c5 g5 24. Bg3 f6 25. cxd6 Rxd6 26. Bxe5 fxe5 27. Be2
Rxd1 28. Bxd1 Kf7 29. Ke3 Ke7 30. Bb3 Bd7 31. Ra3 Kd6 32. Kd3 Kc5 33. Bd1 Be6
34. Bb3 Bc8 35. Bd1 Ba6+ 36. Ke3 Bc4 37. Bb3 a4 38. Rxa4 Rxa4 39. Bxa4 Bxa2 40.
g3 Be6 41. h4 Kb6 42. Kd3 1/2-1/2

[Event "DEM U16 2011"]
[Site "Oberhof GER"]
[Date "2011.06.14"]
[Round "4"]
[White "Stanau, Guido"]
[Black "Moritz, Aron"]
[Result "1/2-1/2"]
[Termination "normal"]
[Board "11"]
[WhiteElo "1994"]
[BlackElo "2094"]
[PlyCount "31"]
[WhiteFideId "24692255"]
[BlackFideId "24672319"]
[EventCountry "GER"]
[EventRounds "9"]
[EventType "swiss"]
[EventDate "2011.06.11"]

1. e4 c5 2. Nf3 d6 3. d4 cxd4 4. Nxd4 Nf6 5. Nc3 g6 6. Be2 Bg7 7. O-O O-O 8.
Be3 a6 9. a4 Nc6 10. f3 d5 11. Nxd5 Nxd5 12. exd5 Qxd5 13. Nxc6 Qxc6 14. c3 Be6
15. a5 Bd5 16. Bb6 1/2-1/2

[Event "DEM U16 2011"]
[Site "Oberhof GER"]
[Date "2011.06.14"]
[Round "4"]
[White "Muth, Matthias"]
[Black "Stövesand, Eric"]
[Result "1-0"]
[Termination "normal"]
[Board "13"]
[WhiteElo "1908"]
[BlackElo "1864"]
[PlyCount "121"]
[WhiteFideId "1271747"]
[BlackFideId "24651117"]
[EventCountry "GER"]
[EventRounds "9"]
[EventType "swiss"]
[EventDate "2011.06.11"]

1. c4 c5 2. g3 g6 3. Bg2 Bg7 4. Nc3 Nc6 5. e4 d6 6. Nge2 Nf6 7. O-O O-O 8. d3
Bd7 9. h3 a6 10. f4 Qc8 11. g4 h5 12. g5 Ne8 13. Nd5 Bxh3 14. f5 Bxg2 15. Kxg2
Rb8 16. Nef4 e6 17. Ne3 exf5 18. exf5 Be5 19. Nxh5 Ne7 20. f6 Nc6 21. Nd5 Nc7
22. Ne7+ Nxe7 23. fxe7 Re8 24. Nf6+ Kg7 25. Nxe8+ Qxe8 26. Rh1 Qxe7 27. Qe1 b5
28. Bf4 bxc4 29. Bxe5+ Qxe5 30. Qxe5+ dxe5 31. dxc4 Rxb2+ 32. Kf3 Ne6 33. Ke4
Rd2 34. Kxe5 Nxg5 35. Rhd1 f6+ 36. Kf4 Rc2 37. Rdc1 Re2 38. Re1 Rc2 39. Rac1
Rxa2 40. Rb1 Ra3 41. Rb7+ Kh6 42. Rh1+ Nh3+ 43. Ke4 Kg5 44. Kd5 f5 45. Kxc5 f4
46. Kd4 Nf2 47. Rg1+ Rg3 48. Rbb1 Kh4 49. c5 Rd3+ 50. Kc4 g5 51. Rg2 Rd2 52.
Rf1 Rc2+ 53. Kd5 Rd2+ 54. Kc6 f3 55. Rgxf2 Rxf2 56. Rxf2 Kg3 57. Rf1 Kg2 58.
Ra1 f2 59. Kd5 f1=Q 60. Rxf1 Kxf1 61. Ke4 1-0

[Event "DEM U16 2011"]
[Site "Oberhof GER"]
[Date "2011.06.14"]
[Round "4"]
[White "Powierski, Emil"]
[Black "Perestjuk, Marko"]
[Result "1-0"]
[Termination "normal"]
[Board "15"]
[WhiteElo "2000"]
[BlackElo "1957"]
[PlyCount "91"]
[WhiteFideId "4656199"]
[BlackFideId "1270254"]
[EventCountry "GER"]
[EventRounds "9"]
[EventType "swiss"]
[EventDate "2011.06.11"]

1. e4 e5 2. Nf3 Nc6 3. Bb5 a6 4. Ba4 Nf6 5. O-O Be7 6. Re1 b5 7. Bb3 d6 8. c3
O-O 9. h3 Nb8 10. d4 Nbd7 11. Nbd2 Bb7 12. d5 c6 13. dxc6 Bxc6 14. Bc2 Qc7 15.
Nf1 d5 16. exd5 Bxd5 17. Ne3 Bb7 18. Nf5 Bc5 19. Be3 g6 20. Bxc5 Qxc5 21. Nh6+
Kg7 22. Ng4 Rad8 23. Qe2 e4 24. Nd4 Nxg4 25. hxg4 Nf6 26. Qe3 Qc7 27. Nf5+ Kh8
28. Qh6 Rg8 29. Qg5 Nd5 30. Nh6 Rge8 31. Rxe4 Rxe4 32. Qxd8+ Qxd8 33. Nxf7+ Kg7
34. Nxd8 Re2 35. Bd3 Rd2 36. Nxb7 Rxd3 37. Nc5 Rd2 38. Rb1 a5 39. Nb3 Rc2 40.
Nd4 Rd2 41. Nxb5 Nf4 42. Na3 Nd3 43. Nc4 Rxf2 44. Rd1 Nxb2 45. Rd7+ Kh6 46.
Kxf2 1-0

[Event "DEM U16 2011"]
[Site "Oberhof GER"]
[Date "2011.06.14"]
[Round "5"]
[White "Noe, Christopher"]
[Black "Friedrich, Wiede"]
[Result "1-0"]
[Termination "normal"]
[Board "2"]
[WhiteElo "1998"]
[BlackElo "2193"]
[PlyCount "83"]
[WhiteFideId "24692018"]
[BlackFideId "24629537"]
[EventCountry "GER"]
[EventRounds "9"]
[EventType "swiss"]
[EventDate "2011.06.11"]

1. Nf3 c5 2. e4 Nc6 3. d3 e6 4. g3 d5 5. Nbd2 Nf6 6. Bg2 Be7 7. O-O O-O 8. c3
b5 9. Re1 Rb8 10. e5 Nd7 11. Nf1 Ba6 12. Bf4 b4 13. Qc2 bxc3 14. bxc3 Qa5 15.
Ne3 d4 16. cxd4 Nxd4 17. Nxd4 cxd4 18. Nc4 Bxc4 19. Qxc4 Bb4 20. Rec1 Bc3 21.
Rab1 g5 22. Rxb8 Rxb8 23. Qc6 Nc5 24. Bxg5 Nxd3 25. Bf6 Nxc1 26. Qf3 Kf8 27.
Qg4 Ne2+ 28. Qxe2 Qb5 29. Qg4 Qb1+ 30. Bf1 Qg6 31. Qf3 Qf5 32. Qc6 Qb1 33. Qf3
Qf5 34. Qc6 Qb1 35. Qf3 Kg8 36. h4 Qf5 37. Qd1 Rb2 38. f4 h5 39. Qf3 Rb8 40.
Bd3 Qg4 41. Qxg4+ hxg4 42. h5 1-0

[Event "DEM U16 2011"]
[Site "Oberhof GER"]
[Date "2011.06.14"]
[Round "5"]
[White "Kaulich, Philipp Theodor"]
[Black "Wagner, Dennis"]
[Result "0-1"]
[Termination "normal"]
[Board "3"]
[WhiteElo "1999"]
[BlackElo "2240"]
[PlyCount "72"]
[WhiteFideId "4641582"]
[BlackFideId "24650684"]
[EventCountry "GER"]
[EventRounds "9"]
[EventType "swiss"]
[EventDate "2011.06.11"]

1. e4 c5 2. c3 d5 3. exd5 Qxd5 4. d4 Nc6 5. Nf3 Bg4 6. Be2 cxd4 7. cxd4 e6 8.
Nc3 Bb4 9. O-O Qa5 10. a3 Bxc3 11. bxc3 Nge7 12. c4 O-O 13. Rb1 Qc7 14. Be3
Rfd8 15. Rb2 Rd7 16. Rd2 Rad8 17. Qa4 Nf5 18. Rfd1 h6 19. d5 Bxf3 20. gxf3 Nxe3
21. fxe3 Ne7 22. e4 b6 23. Qb3 e5 24. Qe3 Qd6 25. Rc2 Rc7 26. Kh1 Ng6 27. Rg1
Nf4 28. Rc3 Qc5 29. Rgc1 Kf8 30. Bd1 Rd6 31. Ba4 Qxe3 32. Rxe3 Rc5 33. Bc6 Rg6
34. Rc2 Rxc4 35. Rxc4 Nh3 36. Rc1 Nf2# 0-1

[Event "DEM U16 2011"]
[Site "Oberhof GER"]
[Date "2011.06.14"]
[Round "5"]
[White "Gibicar, Danijel"]
[Black "Kaphle, Sebastian"]
[Result "0-1"]
[Termination "normal"]
[Board "5"]
[WhiteElo "2037"]
[BlackElo "2171"]
[PlyCount "120"]
[WhiteFideId "24660256"]
[BlackFideId "24626708"]
[EventCountry "GER"]
[EventRounds "9"]
[EventType "swiss"]
[EventDate "2011.06.11"]

1. d4 Nf6 2. c4 c5 3. d5 e6 4. Nc3 exd5 5. cxd5 d6 6. g3 g6 7. Bg2 Bg7 8. Nf3
O-O 9. O-O a6 10. a4 Re8 11. Nd2 Nbd7 12. h3 Rb8 13. Nc4 Nb6 14. Na3 Bd7 15. e4
Nc8 16. Qd3 Na7 17. Nc4 Nc8 18. Na3 Na7 19. Nc4 Nc8 20. a5 Bb5 21. Bd2 Na7 22.
b3 Nd7 23. f4 Qf6 24. Kh2 Bxc4 25. bxc4 Qd4 26. Qc2 b5 27. Ne2 Qxc4 28. Qxc4
bxc4 29. Rab1 Rb3 30. Rbc1 Nb5 31. Rxc4 Nd4 32. Nxd4 Bxd4 33. Rf3 Rb2 34. Bc3
Rc2 35. Rd3 f5 36. e5 dxe5 37. Bxd4 Rxc4 38. Bxe5 Rc2 39. d6 Kf7 40. Kh1 Rc1+
41. Kh2 Rc2 42. Kh1 Nxe5 43. fxe5 Ke6 44. Bb7 Rd8 45. Bxa6 Kxe5 46. d7 Ra2 47.
Re3+ Kd6 48. Bc8 Rxa5 49. Re8 Rxd7 50. Bxd7 Kxd7 51. Rh8 Ra6 52. Rxh7+ Kd6 53.
Rh6 Ke5 54. h4 c4 55. Rh8 Rc6 56. Re8+ Kd4 57. Rd8+ Ke3 58. Kg2 c3 59. Re8+ Kd3
60. Rd8+ Kc4 0-1

[Event "DEM U16 2011"]
[Site "Oberhof GER"]
[Date "2011.06.14"]
[Round "5"]
[White "Tran, Duc Cuong"]
[Black "Müller, Alexander"]
[Result "0-1"]
[Termination "normal"]
[Board "6"]
[WhiteElo "1986"]
[BlackElo "1908"]
[PlyCount "102"]
[WhiteFideId "24689718"]
[BlackFideId "4624696"]
[EventCountry "GER"]
[EventRounds "9"]
[EventType "swiss"]
[EventDate "2011.06.11"]

1. d4 Nf6 2. Nf3 e6 3. e3 c5 4. Bd3 d5 5. b3 Nc6 6. O-O Bd6 7. Bb2 O-O 8. Ne5
Qc7 9. f4 Nb4 10. Nd2 cxd4 11. Bxd4 Bc5 12. Ndf3 Nxd3 13. cxd3 Bxd4 14. Nxd4 a6
15. Rc1 Qd6 16. Qc2 Ne8 17. Qc5 f6 18. Nef3 Bd7 19. b4 Rc8 20. Qxd6 Nxd6 21.
Nd2 Nb5 22. N2b3 b6 23. Rfd1 e5 24. fxe5 fxe5 25. Nf3 Bg4 26. Rf1 Rxc1 27. Nxc1
Bxf3 28. Rxf3 Rc8 29. Nb3 Nc3 30. Rf2 Nd1 31. Rf5 Re8 32. Rf3 e4 33. dxe4 Rxe4
34. a3 Rxe3 35. Rxe3 Nxe3 36. Nd4 Kf7 37. Kf2 Nc4 38. a4 Kf6 39. Ke2 h6 40. Nc6
Kf5 41. a5 bxa5 42. bxa5 Ke4 43. Nb4 Nxa5 44. Nxa6 Nb3 45. Nb4 Kd4 46. Nc6+ Kc4
47. Ne7 d4 48. Nf5 Kc3 49. Kd1 Na5 50. Nxg7 Nc4 51. Nf5 d3 0-1

[Event "DEM U16 2011"]
[Site "Oberhof GER"]
[Date "2011.06.14"]
[Round "5"]
[White "Neef, Maximilian"]
[Black "Carow, Johannes"]
[Result "0-1"]
[Termination "time forfeit"]
[Board "7"]
[WhiteElo "1999"]
[BlackElo "2171"]
[PlyCount "78"]
[WhiteFideId "24692085"]
[BlackFideId "24692050"]
[EventCountry "GER"]
[EventRounds "9"]
[EventType "swiss"]
[EventDate "2011.06.11"]

1. d4 Nf6 2. c4 c5 3. d5 b5 4. Nf3 g6 5. Nbd2 bxc4 6. e4 c3 7. bxc3 d6 8. Bd3
Bg7 9. O-O O-O 10. Rb1 Nh5 11. Qc2 Nf4 12. Bc4 e5 13. dxe6 fxe6 14. Rd1 Nc6 15.
Bf1 Na5 16. g3 Nh5 17. e5 d5 18. Ba3 Qc7 19. Bg2 Ba6 20. Qa4 Bd3 21. Rb2 Rfb8
22. Rxb8+ Rxb8 23. Ng5 Bb5 24. Qg4 Bd7 25. c4 Qxe5 26. Bxc5 Nf6 27. Qh4 h6 28.
Ngf3 Qc7 29. Be3 g5 30. Qd4 Nc6 31. Qd3 dxc4 32. Nxc4 Nd5 33. Bc5 Ncb4 34. Bxb4
Rxb4 35. Ne3 Nb6 36. Qg6 Qc8 37. Bh3 Kf8 38. Qd3 Qc3 39. Qd6+ Kf7 0-1